000 00612nam a2200229 i 4500
001 bg
100 1 _aGraf, Janusz.
245 0 0 _aAccess 2000 PL :
_bćwiczenia praktyczne /
_cJanusz Graf.
260 _aGliwice :
_bHelion,
_c2000.
300 _a120 s. :
_bil. ;
_c24 cm +
_edyskietka.
650 4 _aAccess
655 4 _aPodręczniki
020 _a8371972334
040 _cBPK
041 0 _apl
080 _a004.42
080 _a(07)
920 _a83-7197-233-4
942 _cKS
008 s pl f |000 0 pol
999 _c38838
_d38838
856 _uhttp://koha.tu.koszalin.pl/cgi-bin/koha/opac-detail.pl?biblionumber=38838
_yKatalog online BPK